000
00260nam a2200097Ia 4500
001
651970
005
20250826154429.0
008
250824s9999 xx 000 0 und d
245
0
_a
İNSAN NE İLE YAŞAR GENÇLİK KLASİKLERİ
_c
TOLSTOY
260
_b
TİMAŞ ÇOCUK
999
_c
651970
_d
651970